Tiny Almost Useless Trivia XIII Quiz Stats

 Plays Quiz Updated Jun 11, 2016

Challenge
Share
Tweet
Embed
Score 0/15 Timer 03:00
2 Plays Today
Question Answer % Correct
What is the name of Winnie the Pooh's donkey friend?Eeyore
88.5%
What is the southernmost of the Great Lakes in the United States?Erie
85.2%
What is the generic term for the day that falls right before a holiday?eve
79.4%
What band, named after a continent, had a hit with 'The Final Countdown'?Europe
78.8%
What is the last name of Jane, Mr. Rochester's governess, in a Charlotte Brontë novel?Eyre
68.6%
What word completes this analogy: sheep is to ovine as horses is to ___?equine
64.6%
What is the name for a protein that helps catalyze chemical reactions in living cells?enzyme
57.3%
What type of fencing sword has no cutting edge and tapers to a blunted point?epée
56.7%
Question Answer % Correct
What 1974 film staring Charlton Heston and Ava Gardner follows the aftermath of L.A. by the title natural disaster?Earthquake
54.5%
What Fox TV show about the music industry stars Terrence Howard and Taraji P. Henson?Empire
50.5%
What vegetable is an anagram of the word 'veined'?endive
44.4%
What 7-letter term for a letter refers to most of the books of the New Testament written by Paul and others?epistle
41.2%
What name is shared by Democratic Senator McCarthy and Socialist union leader Debs who tried to run for president?Eugene
34.2%
What 4-person trick-taking game, popular in the midwest, has 5-card hands and trumps?euchre
29.7%
What first name is the French equivalent of Stephen or Steven?Étienne
18.2%

You're not logged in!

Compare scores with friends on all Sporcle quizzes.
Join for Free
OR
Log In

You Might Also Like...

Show Comments

Extras

Top Quizzes Today


Score Distribution

Your Account Isn't Verified!

In order to create a playlist on Sporcle, you need to verify the email address you used during registration. Go to your Sporcle Settings to finish the process.

Report this User

Report this user for behavior that violates our Community Guidelines.

Details: